00531nam a2200145 i 4500001000700000003000900007005001700016007000300033008004100036100005400077245011700131260006100248300002100309852005500330114822ES-MaACL20251011063124.0t|070330s1914 cu ||||1| spa d1 aRodríguez García, José Antonio, d1864-193410aEstudios b: [Dos delitos y dos penas ; La probidad con relación al libro] / cJosé A. Rodríguez García. aLa Habana : b[s.n.], c1914 (fImp. "Cuba Intelectual") a97 p. ; c21 cm. aES-MaACLjT-1392-F-6 z.- Enc. en un vol. facticio